Cartilha maternal ou arte de leitura

Gespeichert in:
Bibliographische Detailangaben
1. Verfasser: João de Deus
Format: keine Angabe
Sprache:Portugiesisch
Erschienen: Lisboa Imprensa Nacional 1894
Ausgabe:12a ed.
Katalog:MANES:  Suchergebnis im Bibliothekskatalog
Schulbuchspezifische Eigenschaften:
Tags: Tag hinzufügen
Keine Tags, Fügen Sie den ersten Tag hinzu!
Hinzugefügt zu:26.04.2016
Geändert in:25.04.2025

MARC

LEADER 000000000a22000000004500
001 37036
003 OSt
005 20250425110800.0
008 160427s po ||||| |||| 00| 0 por d
041 |a Portugués 
561 |5 pt-MJD  |a Portugal. Museu João de Deus  |k MANES 
691 |a PRI 
100 1 |a João de Deus  |9 19096 
245 0 0 |a Cartilha maternal ou arte de leitura 
250 |a 12a ed. 
260 3 |a Lisboa  |b Imprensa Nacional  |c 1894 
300 |a 213 p. 
500 |a Estão em falta as p.55 (segunda parte do Q), 56-57 (introdução ao professor), 58 (primeira parte da lição do C)  |a Registro Topográfico: 8343 
690 |a EyL 
942 |2 ddc  |c BK 
546 |a Portugal 
999 |c 40495  |d 40495 
999 |c manes:40495  |d 40495